[Event "Las Palmas Insular-chT Segunda-B 1617"]
[Site "Las Palmas"]
[Date "2016.12.03"]
[Round "6.1"]
[White "Macias Reyes, Jose Luis"]
[Black "Santana Montjoy, Javier"]
[Result "0-1"]
[WhiteElo "1447"]
[BlackElo "1749"]
[PlyCount "82"]
[EventDate "2016.10.22"]
[EventType "team-tourn"]
[EventRounds "14"]
[EventCountry "ESP"]
[SourceTitle "EXT 2018"]
[Source "ChessBase"]
[SourceDate "2017.10.13"]
[SourceVersion "1"]
[SourceVersionDate "2017.10.13"]
[SourceQuality "1"]
[WhiteTeam "Sociedad La Montana III"]
[BlackTeam "Fundacion La Caja de Canarias IV"]
[WhiteTeamCountry "ESP"]
[BlackTeamCountry "ESP"]

1. d4 Nf6 2. c4 e6 3. Nc3 Bb4 4. Qc2 c5 5. dxc5 Bxc5 6. Nf3 Nc6 7. e3 0-0 8. Be2 d5 9. cxd5 exd5 10. 0-0 Qe7 11. Rd1 Rd8 12. Nb5 a6 13. Nbd4 Ne4 14. Nxc6 bxc6 15. Nd4 Bb7 16. a3 Rac8 17. b4 Ba7 18. Qa4 Nc3 19. Qc2 Nxd1 20. Qxd1 Bxd4 21. Qxd4 c5 22. bxc5 Qxc5 23. Qg4 Rc6 24. Bd3 Qc3 25. Qh4 Rdc8 26. Qxh7+ Kf8 27. Rb1 Rh6 28. Qf5 Qe1+ 29. Bf1 Rxc1 30. Rxc1 Qxc1 31. Qd7 Qc8 32. Qa4 d4 33. Qxd4 Kg8 34. h3 Rc6 35. Kh2 Qc7+ 36. Kg1 Rc1 37. a4 a5 38. Qd3 g6 39. h4 Qb6 40. h5 Ba6 41. Qd2 Rxf1+ 0-1

[Event "Las Palmas Insular-chT Primera-A"]
[Site "Las Palmas"]
[Date "2016.02.27"]
[Round "12.2"]
[White "Santana Montjoy, Javier"]
[Black "Guerrero Orihuela, Jose Luis"]
[Result "1/2-1/2"]
[WhiteElo "1794"]
[BlackElo "1661"]
[PlyCount "105"]
[EventDate "2015.10.17"]
[EventType "team-tourn"]
[EventRounds "14"]
[EventCountry "ESP"]
[SourceTitle "EXT 2017"]
[Source "ChessBase"]
[SourceDate "2016.10.25"]
[SourceVersion "1"]
[SourceVersionDate "2016.10.25"]
[SourceQuality "1"]
[WhiteTeam "La Caja de Canarias III"]
[BlackTeam "Hotel Avda de Canarias IV"]
[WhiteTeamCountry "ESP"]
[BlackTeamCountry "ESP"]

1. d4 Nf6 2. c4 c5 3. d5 b5 4. Nd2 bxc4 5. e4 Ba6 6. Bxc4 Bxc4 7. Nxc4 d6 8. Qd3 g6 9. f4 Bg7 10. Nf3 0-0 11. 0-0 Na6 12. a3 Nc7 13. Bd2 Nd7 14. e5 dxe5 15. fxe5 Nb6 16. d6 Nxc4 17. Qxc4 exd6 18. Bg5 Qd7 19. exd6 Qxd6 20. Rad1 Qa6 21. Qxc5 Ne6 22. Qd5 Qb6+ 23. Kh1 Nxg5 24. Nxg5 Rad8 25. Qc4 Rxd1 26. Rxd1 Qxb2 27. Rf1 Qd4 28. Qa2 Qd7 29. Qc4 h6 30. Nf3 Rc8 31. Qb3 Qc7 32. a4 Qc4 33. Qd1 Qc2 34. Qd7 Qc7 35. Qd5 Qc4 36. Qd1 Kh7 37. Kg1 Qc5+ 38. Kh1 Qc2 39. Qd7 Rc7 40. Qe8 Qc6 41. Qb8 Qb6 42. Qe8 Qe6 43. Qb8 Qc4 44. Kg1 Bd4+ 45. Nxd4 Qxd4+ 46. Kh1 Qf2 47. Qb1 Qc2 48. Qb5 h5 49. h3 Qd2 50. Qe5 Rc1 51. Rxc1 Qxc1+ 52. Kh2 Qc6 53. Qe7 1/2-1/2

[Event "Las Palmas Montalvo Memorial 8th"]
[Site "Las Palmas"]
[Date "2015.03.30"]
[Round "1"]
[White "Del Rey, Diego"]
[Black "Santana Montjoy, Javier"]
[Result "1-0"]
[WhiteElo "2375"]
[BlackElo "1700"]
[PlyCount "105"]
[EventDate "2015.03.30"]
[EventType "swiss"]
[EventRounds "9"]
[EventCountry "ESP"]
[SourceTitle "EXT 2016"]
[Source "ChessBase"]
[SourceDate "2015.10.08"]
[SourceVersion "1"]
[SourceVersionDate "2015.10.08"]
[SourceQuality "1"]

1. d4 Nf6 2. Bg5 d5 3. e3 Ne4 4. Bf4 Bf5 5. Bd3 e6 6. Ne2 c5 7. Bxb8 Qa5+ 8. c3 Rxb8 9. dxc5 Qxc5 10. Nd4 a6 11. 0-0 Be7 12. Nxf5 exf5 13. Na3 0-0 14. Nc2 Bg5 15. Nd4 f4 16. exf4 Bxf4 17. Qg4 Qc7 18. g3 Be5 19. Bxe4 dxe4 20. Qxe4 Rfe8 21. Rfe1 h6 22. Nf3 Bd6 23. Qd5 Rbd8 24. Rxe8+ Rxe8 25. Re1 Rxe1+ 26. Nxe1 Bc5 27. Nd3 Ba7 28. c4 Qb6 29. Kg2 g6 30. b4 Qd4 31. Qxd4 Bxd4 32. Kf3 f5 33. Nf4 Kf7 34. Nd5 g5 35. h3 Ke6 36. a4 Kd6 37. Ne3 Ke5 38. g4 f4 39. Nf5 Bc3 40. b5 axb5 41. axb5 h5 42. Ke2 hxg4 43. hxg4 Bd4 44. f3 Bc5 45. Kd3 b6 46. Kc3 Bf2 47. Ne7 Bc5 48. Nd5 Bd4+ 49. Kd3 Bc5 50. Nc3 Bb4 51. Ne4 Be7 52. c5 bxc5 53. Kc4 1-0

[Event "Las Palmas Centro Goya op"]
[Site "Las Palmas"]
[Date "2014.12.07"]
[Round "8"]
[White "Gonzalez Intelangelo, Gerardo"]
[Black "Santana Montjoy, Javier"]
[Result "1-0"]
[WhiteElo "2040"]
[BlackElo "1757"]
[PlyCount "51"]
[EventDate "2014.12.01"]
[EventType "swiss"]
[EventRounds "9"]
[EventCountry "ESP"]
[SourceTitle "CBM 163 Extra"]
[Source "ChessBase"]
[SourceDate "2014.12.23"]
[SourceVersion "1"]
[SourceVersionDate "2014.12.23"]
[SourceQuality "1"]

1. c4 Nf6 2. Nc3 e6 3. d4 Bb4 4. e3 Bxc3+ 5. bxc3 d5 6. Ba3 c6 7. Nf3 Nbd7 8. cxd5 Nxd5 9. Qb3 Qb6 10. c4 Nc7 11. Qc3 f6 12. Bd3 c5 13. 0-0 0-0 14. Rab1 Qc6 15. e4 b6 16. d5 Qd6 17. Qc2 Ne5 18. Nxe5 fxe5 19. Bb2 Ne8 20. Qd2 exd5 21. cxd5 Nf6 22. f4 exf4 23. e5 Qxd5 24. exf6 Bf5 25. fxg7 Rfe8 26. Rbd1 1-0

[Event "Las Palmas Centro Goya op"]
[Site "Las Palmas"]
[Date "2014.12.06"]
[Round "6"]
[White "Sanabria Taskila, Jenny Maria"]
[Black "Santana Montjoy, Javier"]
[Result "0-1"]
[WhiteElo "1390"]
[BlackElo "1757"]
[PlyCount "54"]
[EventDate "2014.12.01"]
[EventType "swiss"]
[EventRounds "9"]
[EventCountry "ESP"]
[SourceTitle "CBM 163 Extra"]
[Source "ChessBase"]
[SourceDate "2014.12.23"]
[SourceVersion "1"]
[SourceVersionDate "2014.12.23"]
[SourceQuality "1"]

1. e4 c5 2. Nf3 d6 3. d4 cxd4 4. Nxd4 Nf6 5. Nc3 g6 6. Be3 Bg7 7. f3 Nc6 8. Bc4 Bd7 9. Qd2 0-0 10. 0-0 Rc8 11. Bb3 a6 12. Rad1 Qc7 13. Bh6 Nxe4 14. fxe4 Bxd4+ 15. Kh1 Bg7 16. Qf4 Ne5 17. Nd5 Qd8 18. Qg5 Nc6 19. Nc3 Be6 20. Bxg7 Kxg7 21. Bxe6 fxe6 22. Qg4 Qd7 23. Nd5 Ne5 24. Nb6 Qb5 25. Rxf8 Rxf8 26. c4 Nxg4 27. cxb5 Nf2+ 0-1

[Event "Las Palmas Insular-chT Primera-B"]
[Site "Las Palmas"]
[Date "2014.01.18"]
[Round "6.4"]
[White "Suarez Buceta, Melquiades"]
[Black "Santana Montjoy, Javier"]
[Result "1/2-1/2"]
[WhiteElo "1555"]
[BlackElo "1740"]
[PlyCount "127"]
[EventDate "2013.11.09"]
[EventType "team-tourn"]
[EventRounds "14"]
[EventCountry "ESP"]
[SourceTitle "EXT 2015"]
[Source "ChessBase"]
[SourceDate "2014.11.20"]
[SourceVersion "1"]
[SourceVersionDate "2014.11.20"]
[SourceQuality "1"]
[WhiteTeam "Telde Los Llanos"]
[BlackTeam "La Caja de Canarias "]
[WhiteTeamCountry "ESP"]
[BlackTeamCountry "ESP"]

1. c4 Nf6 2. Nc3 e6 3. g3 d5 4. Bg2 c6 5. Nf3 Bd6 6. 0-0 dxc4 7. Qa4 b5 8. Qc2 0-0 9. Nd4 Bxg3 10. hxg3 Qxd4 11. Nxb5 Qe5 12. Nc3 Ba6 13. Ne4 Nbd7 14. Nxf6+ Nxf6 15. Bxc6 Rab8 16. Bf3 Rfd8 17. Rb1 Rdc8 18. Re1 h5 19. Qa4 Qf5 20. d3 Bb5 21. Qxa7 cxd3 22. Bf4 e5 23. a4 exf4 24. axb5 d2 25. Red1 fxg3 26. fxg3 Rxb5 27. Qd4 Ng4 28. Qxd2 Qe5 29. Qf4 Qxf4 30. gxf4 Rc4 31. Rd5 Rxd5 32. Bxd5 Rxf4 33. b4 Rf6 34. b5 Rb6 35. Bc4 Ne3 36. Bd3 Kf8 37. Rc1 Ke7 38. Rc5 Kd6 39. Rxh5 Nd5 40. Rh7 Nf4 41. Rxg7 Nxd3 42. exd3 f6 43. Kf2 Rxb5 44. Rg6 Ke5 45. Rh6 Rb3 46. Rh5+ Kf4 47. Rh4+ Kg5 48. Rd4 f5 49. Ke3 Rb1 50. Kf2 Rh1 51. Rd8 Rh3 52. d4 Kf4 53. Ke2 Re3+ 54. Kf2 Ra3 55. Ke2 Ra2+ 56. Kd3 Kf3 57. d5 f4 58. Rf8 Ra1 59. Kd2 Ra5 60. Rd8 Kf2 61. Kd3 f3 62. d6 Kf1 63. Rh8 Rd5+ 64. Ke4 1/2-1/2

[Event "Las Palmas op 34th"]
[Site "Las Palmas"]
[Date "2013.12.03"]
[Round "2"]
[White "Santana Montjoy, Javier"]
[Black "Vega Gutierrez, Belinda Vidina"]
[Result "0-1"]
[WhiteElo "1740"]
[BlackElo "2180"]
[PlyCount "34"]
[EventDate "2013.12.02"]
[EventType "swiss"]
[EventRounds "9"]
[EventCountry "ESP"]
[SourceTitle "CBM 157 Extra"]
[Source "ChessBase"]
[SourceDate "2013.12.19"]
[SourceVersion "1"]
[SourceVersionDate "2013.12.19"]
[SourceQuality "1"]

1. d4 d5 2. c4 e6 3. Nc3 Nf6 4. Nf3 Be7 5. Bg5 h6 6. Bxf6 Bxf6 7. e4 dxe4 8. Nxe4 Nc6 9. d5 Ne5 10. d6 cxd6 11. Nxd6+ Ke7 12. Nxe5 Bxe5 13. Nxc8+ Rxc8 14. Qc2 Qa5+ 15. Qd2 Qb6 16. Rb1 Rhd8 17. Qc2 Qb4+ 0-1

[Event "Canarias-ch U16 31st"]
[Site "Puerto de la Cruz"]
[Date "2013.04.26"]
[Round "2"]
[White "Pozo Vinuesa, Ana"]
[Black "Santana Montjoy, Javier"]
[Result "1-0"]
[WhiteElo "1437"]
[BlackElo "1740"]
[PlyCount "93"]
[EventDate "2013.04.26"]
[EventType "swiss"]
[EventRounds "7"]
[EventCountry "ESP"]
[SourceTitle "EXT 2015"]
[Source "ChessBase"]
[SourceDate "2014.11.20"]
[SourceVersion "1"]
[SourceVersionDate "2014.11.20"]
[SourceQuality "1"]

1. e4 c5 2. Nf3 d6 3. d4 cxd4 4. Nxd4 Nf6 5. Nc3 g6 6. Bc4 Bg7 7. 0-0 0-0 8. Bg5 Nc6 9. Re1 Qb6 10. Nxc6 bxc6 11. Bb3 a5 12. Qd2 Rd8 13. Rad1 Bg4 14. Na4 Qc7 15. f3 Bd7 16. Qe3 Be8 17. f4 c5 18. Qd3 Bc6 19. Nc3 a4 20. Bd5 Nxd5 21. Nxd5 Bxd5 22. exd5 Re8 23. c3 Rab8 24. Re2 Qa7 25. Kh1 Qb7 26. Rde1 f6 27. Bh4 Bh6 28. Bxf6 Bxf4 29. Qf3 exf6 30. Rxe8+ Rxe8 31. Rxe8+ Kf7 32. Re2 Be5 33. Qh3 Qxd5 34. Qxh7+ Kf8 35. Qh8+ Kf7 36. Qh7+ Kf8 37. Re1 Qxa2 38. Qb7 g5 39. Qc8+ Kg7 40. Qd7+ Kg6 41. Qb5 a3 42. bxa3 Qxa3 43. Qe8+ Kg7 44. c4 Qc3 45. Rb1 Qxc4 46. Rb7+ Kh6 47. Qh8+ 1-0

[Event "Gran Canaria-ch U16"]
[Site "Vecindario"]
[Date "2012.12.22"]
[Round "4.2"]
[White "Cruz Ramirez, Nauzet"]
[Black "Santana Montjoy, Javier"]
[Result "0-1"]
[WhiteElo "1770"]
[BlackElo "1729"]
[PlyCount "90"]
[EventDate "2012.12.20"]
[EventType "swiss"]
[EventRounds "5"]
[EventCountry "ESP"]
[SourceTitle "EXT 2024"]
[Source "ChessBase"]
[SourceDate "2023.10.10"]
[SourceVersion "1"]
[SourceVersionDate "2023.10.10"]
[SourceQuality "1"]

1. d4 Nf6 2. c4 g6 3. Nc3 Bg7 4. e4 d6 5. Nf3 0-0 6. Be2 e5 7. 0-0 Nc6 8. d5 Ne7 9. b4 Ne8 10. c5 f5 11. Nd2 Rf7 12. Ba3 Bf8 13. Nc4 Kh8 14. b5 Ng8 15. b6 axb6 16. cxb6 Ngf6 17. bxc7 Rxc7 18. Qb3 f4 19. Bb4 Rf7 20. a4 Nh5 21. f3 g5 22. Nb5 Rg7 23. Qa3 g4 24. fxg4 Qg5 25. Ncxd6 Nxd6 26. Bxd6 Bxd6 27. Nxd6 Bxg4 28. Bxg4 Qxg4 29. Qf3 Qg6 30. Nf5 Rf7 31. Kh1 Raf8 32. Nh4 Qg5 33. Qh3 Nf6 34. Nf3 Qg7 35. Rfe1 Ng4 36. Ra2 Rf6 37. Qh4 Rg8 38. Ree2 Rh6 39. Qe1 Qe7 40. Qc3 Qd6 41. Rac2 Rh5 42. Rc1 Qh6 43. h4 Rxh4+ 44. Nxh4 f3 45. Qxf3 Qxc1+ 0-1

[Event "Las Palmas Insular-chT Primera-B"]
[Site "Las Palmas"]
[Date "2012.12.01"]
[Round "3.3"]
[White "Santana Montjoy, Javier"]
[Black "Mena Trujillo, Yeray"]
[Result "1-0"]
[WhiteElo "1729"]
[BlackElo "1827"]
[PlyCount "71"]
[EventDate "2012.11.10"]
[EventType "team-tourn"]
[EventRounds "14"]
[EventCountry "ESP"]
[SourceTitle "EXT 2014"]
[Source "ChessBase"]
[SourceDate "2013.11.20"]
[SourceVersion "1"]
[SourceVersionDate "2013.11.20"]
[SourceQuality "1"]
[WhiteTeam "Canarias Las Palmas "]
[BlackTeam "Telde Los Llanos"]
[WhiteTeamCountry "ESP"]
[BlackTeamCountry "ESP"]

1. d4 Nf6 2. c4 g6 3. Nc3 Bg7 4. e4 d6 5. f4 0-0 6. Nf3 c5 7. d5 e6 8. Be2 exd5 9. cxd5 Re8 10. Nd2 Na6 11. 0-0 Nc7 12. a4 b6 13. Bf3 Rb8 14. Re1 a6 15. Nc4 h5 16. e5 dxe5 17. fxe5 Ng4 18. Bf4 g5 19. Bg3 h4 20. Bxg4 Bxg4 21. Qxg4 hxg3 22. d6 gxh2+ 23. Kh1 Ne6 24. Re3 b5 25. axb5 axb5 26. Nd2 Nf4 27. Qf5 Re6 28. Ra7 Qf8 29. Qxg5 Ng6 30. Nd5 Ra8 31. Ne7+ Nxe7 32. dxe7 Qb8 33. Rd7 Ra1+ 34. Kxh2 Qb6 35. Rd8+ Kh7 36. Rh3+ 1-0

[Event "Gran Canaria-ch U16"]
[Site "Vecindario"]
[Date "2012.03.12"]
[Round "3"]
[White "Marrero Cardenes, Agustin"]
[Black "Santana Montjoy, Javier"]
[Result "1/2-1/2"]
[WhiteElo "1895"]
[BlackElo "1691"]
[PlyCount "107"]
[EventDate "2012.03.09"]
[EventType "swiss"]
[EventRounds "5"]
[EventCountry "ESP"]
[SourceTitle "EXT 2024"]
[Source "ChessBase"]
[SourceDate "2023.10.10"]
[SourceVersion "1"]
[SourceVersionDate "2023.10.10"]
[SourceQuality "1"]

1. e4 c5 2. Nf3 d6 3. d4 cxd4 4. Nxd4 Nf6 5. Nc3 g6 6. Be3 Bg7 7. f3 0-0 8. Qd2 Nc6 9. Bc4 Bd7 10. Bb3 a5 11. a4 Rc8 12. 0-0 Ne8 13. Nxc6 Bxc6 14. Bd4 Nf6 15. Rad1 Qc7 16. Rfe1 Rfd8 17. Qf2 Nd7 18. Bxg7 Kxg7 19. Qd4+ Nf6 20. Kh1 Kg8 21. Qc4 e6 22. Qd4 Qe7 23. f4 Rd7 24. f5 Ng4 25. h3 Ne5 26. Qe3 Re8 27. Rf1 Rdd8 28. f6 Qf8 29. Rf4 Qh6 30. Qg3 g5 31. Rf2 Kh8 32. Rfd2 Qxf6 33. Rxd6 Ng6 34. e5 Qe7 35. Bc4 Nf4 36. Bf1 h6 37. Nb5 f6 38. Qc3 f5 39. Qa3 Rc8 40. Na7 Rc7 41. Nxc6 Rxc6 42. Bb5 g4 43. Bxc6 bxc6 44. Qe3 Qg5 45. Rf1 gxh3 46. g3 Ng6 47. Qxg5 hxg5 48. Rxc6 Nxe5 49. Rc5 Ng4 50. Rc3 Rd8 51. Rcf3 Rd2 52. c4 Rxb2 53. Rc3 Rh2+ 54. Kg1 1/2-1/2

[Event "Las Palmas Insular-chT Primera-B"]
[Site "Las Palmas"]
[Date "2012.01.21"]
[Round "6.3"]
[White "Santana Montjoy, Javier"]
[Black "Perez Brito, Avelino"]
[Result "0-1"]
[WhiteElo "1650"]
[BlackElo "1739"]
[PlyCount "72"]
[EventDate "2011.11.12"]
[EventType "team-tourn"]
[EventRounds "14"]
[EventCountry "ESP"]
[SourceTitle "EXT 2013"]
[Source "ChessBase"]
[SourceDate "2012.11.22"]
[SourceVersion "1"]
[SourceVersionDate "2012.11.22"]
[SourceQuality "1"]
[WhiteTeam "Canarias de Las Palmas"]
[BlackTeam "Anand Iberia II"]
[WhiteTeamCountry "ESP"]
[BlackTeamCountry "ESP"]

1. d4 Nf6 2. c4 e6 3. Nc3 d5 4. Nf3 c6 5. Bg5 Nbd7 6. e3 Qa5 7. Nd2 dxc4 8. Bxf6 Nxf6 9. Nxc4 Qd8 10. Qc2 Be7 11. Bd3 0-0 12. Ne5 a6 13. 0-0-0 Qc7 14. g4 h6 15. f4 Nd5 16. Nxd5 exd5 17. h4 Bd6 18. Rdg1 c5 19. Kb1 cxd4 20. Qg2 Bxe5 21. g5 Bxf4 22. exf4 h5 23. g6 Bg4 24. Qxd5 Rad8 25. Qg5 f6 26. Rxg4 fxg5 27. Rxg5 b5 28. Bc2 Rxf4 29. Bb3+ Kf8 30. Rxh5 Rf3 31. Re1 Re3 32. Rf1+ Ke8 33. Rh8+ Kd7 34. Rf7+ Re7 35. Rh5 Kc8 36. Rhf5 Re1+ 0-1

[Event "Las Palmas op 32nd"]
[Site "Las Palmas"]
[Date "2011.12.02"]
[Round "1"]
[White "Garcia Vicente, Nieves"]
[Black "Santana Montjoy, Javier"]
[Result "1-0"]
[WhiteElo "2214"]
[BlackElo "1650"]
[PlyCount "49"]
[EventDate "2011.12.02"]
[EventType "swiss"]
[EventRounds "9"]
[EventCountry "ESP"]
[SourceTitle "CBM 145 Extra"]
[Source "ChessBase"]
[SourceDate "2012.01.03"]
[SourceVersion "1"]
[SourceVersionDate "2012.01.03"]
[SourceQuality "1"]

1. d4 Nf6 2. c4 g6 3. Nc3 Bg7 4. e4 d6 5. Be2 0-0 6. Bg5 h6 7. Be3 e5 8. d5 Ne8 9. Qd2 g5 10. h4 f6 11. Bh5 a5 12. Nge2 Na6 13. f3 Nc5 14. g4 Bh8 15. Bg6 Kg7 16. Bf5 c6 17. Ng3 Nc7 18. hxg5 fxg5 19. Bxc8 Rxc8 20. Nf5+ Rxf5 21. gxf5 b5 22. dxc6 bxc4 23. Bxc5 dxc5 24. 0-0-0 Qd4 25. Qe2 1-0

[Event "Canarias-ch 29th"]
[Site "Amurga de San Fdo Maspal"]
[Date "2011.05.29"]
[Round "7"]
[White "Santana Montjoy, Javier"]
[Black "Mukhi Talreja, Ishita Tina"]
[Result "1-0"]
[WhiteElo "1630"]
[BlackElo "1506"]
[PlyCount "99"]
[EventDate "2011.05.27"]
[EventType "swiss"]
[EventRounds "7"]
[EventCountry "ESP"]
[SourceTitle "EXT 2013"]
[Source "ChessBase"]
[SourceDate "2012.11.22"]
[SourceVersion "1"]
[SourceVersionDate "2012.11.22"]
[SourceQuality "1"]

1. d4 d5 2. c4 c6 3. Nc3 Nf6 4. Nf3 g6 5. cxd5 cxd5 6. Bf4 Bg7 7. h3 0-0 8. Rc1 Nc6 9. e3 Qa5 10. Bd3 Nb4 11. Bb1 Ne4 12. Qb3 Bf5 13. a3 Nc6 14. Qxd5 Nxc3 15. Qxa5 Nxa5 16. bxc3 Nb3 17. Rd1 Be6 18. Be4 Rac8 19. 0-0 Rxc3 20. Ng5 Bc4 21. Rfe1 e6 22. Bxb7 Na5 23. Bf3 Rxa3 24. Bd6 Ra2 25. Bxf8 Bxf8 26. Ra1 Bb4 27. Reb1 Rxa1 28. Rxa1 Bc3 29. Rc1 Bb2 30. Rc2 Ba3 31. Be2 Bxe2 32. Rxe2 Nc4 33. Rc2 Nd6 34. Rc3 Bb4 35. Rb3 a5 36. Nf3 f6 37. Kf1 Ne4 38. Ke2 Nc3+ 39. Kd3 Na2 40. Kc2 a4 41. Rb1 Bc3 42. Nd2 Kf7 43. Ne4 Ba5 44. Nd6+ Ke7 45. Nc8+ Kd7 46. Nb6+ Bxb6 47. Rxb6 Kc7 48. Rb2 Kc6 49. Rxa2 Kb5 50. Kc3 1-0